| 000 | 00426nam a22001697a 4500 | ||
|---|---|---|---|
| 003 | MPLRDC | ||
| 005 | 20220104123837.0 | ||
| 008 | 210129b ||||| |||| 00| 0 eng d | ||
| 082 | _a177.3 CAR v.7 | ||
| 100 | _aDALE CARNEGIE 原著 | ||
| 245 |
_a伟大的人物 _c |
||
| 260 |
_a _b新光出版社 _c |
||
| 300 | _b平 | ||
| 490 | _a卡耐基做人处世全书. 7 | ||
| 650 | _a应用心理学 | ||
| 942 |
_cBK _o177.3 CAR v.7 |
||
| 999 |
_c14650 _d14640 |
||